[Event "GBR-ch Major 102nd"]
[Site "Coventry"]
[Date "2015.07.29"]
[Round "3"]
[White "Bennett, Rhys"]
[Black "Iyengar, Ilya"]
[Result "0-1"]
[WhiteElo "1802"]
[BlackElo "2049"]
[PlyCount "102"]
[EventDate "2015.07.27"]
[EventType "swiss"]
[EventRounds "11"]
[EventCountry "ENG"]
[SourceTitle "CBM 167 Extra"]
[Source "ChessBase"]
[SourceDate "2015.09.14"]
[SourceVersion "1"]
[SourceVersionDate "2015.09.14"]
[SourceQuality "1"]

1. e4 c5 2. Nf3 e6 3. d4 cxd4 4. Nxd4 Nf6 5. Nc3 d6 6. Be2 a6 7. Be3 Qc7 8. f4 Be7 9. 0-0 Nc6 10. a4 0-0 11. Kh1 Rd8 12. Bf3 Bd7 13. Nb3 b6 14. g4 Bc8 15. g5 Nd7 16. Bg2 Bb7 17. Rf3 Nb4 18. Rh3 Nf8 19. Rc1 d5 20. Qd4 dxe4 21. Qxb6 Qxb6 22. Bxb6 Rdc8 23. Nxe4 Rxc2 24. Rxc2 Nxc2 25. Rc3 Rc8 26. Nec5 Bxg2+ 27. Kxg2 Nb4 28. Ba5 Nd5 29. Rc1 Nxf4+ 30. Kf3 Bxg5 31. Nxa6 Rxc1 32. Nxc1 Nd5 33. Nd3 Nd7 34. b4 f5 35. Nac5 Nxc5 36. Nxc5 e5 37. b5 e4+ 38. Ke2 Bf4 39. b6 Ne7 40. b7 Nc6 41. Bc3 Kf7 42. a5 Ke7 43. a6 Bxh2 44. Ba5 Bb8 45. Bb6 Nd4+ 46. Kd2 Nb5 47. Nb3 Kd6 48. Nd4 Nxd4 49. Bxd4 Kc6 50. a7 Bf4+ 51. Kc3 Kxb7 0-1

[Event "South Wales op 12th"]
[Site "Cardiff"]
[Date "2015.07.17"]
[Round "10"]
[White "Bennett, Rhys"]
[Black "Orton, Paul"]
[Result "1-0"]
[WhiteElo "1802"]
[BlackElo "1622"]
[PlyCount "125"]
[EventDate "2015.07.11"]
[EventType "swiss"]
[EventRounds "10"]
[EventCountry "WLS"]
[SourceTitle "EXT 2016"]
[Source "ChessBase"]
[SourceDate "2015.10.08"]
[SourceVersion "1"]
[SourceVersionDate "2015.10.08"]
[SourceQuality "1"]

1. e4 c5 2. Nf3 Nc6 3. d4 cxd4 4. Nxd4 Nf6 5. Nc3 e6 6. Ndb5 Bb4 7. a3 Bxc3+ 8. Nxc3 d5 9. exd5 exd5 10. Bd3 0-0 11. 0-0 d4 12. Ne4 Nxe4 13. Bxe4 Qf6 14. Qd3 h6 15. f4 Ne7 16. b3 Bf5 17. Bb2 Bxe4 18. Qxe4 Nc6 19. Qf3 Qd6 20. Rad1 Qc5 21. Qf2 a6 22. b4 Qc4 23. Bxd4 Nxd4 24. Rxd4 Qc3 25. Rd3 Qc6 26. Rc1 b5 27. c4 bxc4 28. Rdc3 Rac8 29. Qa2 Qe4 30. g3 Rfe8 31. Qg2 Qd4+ 32. Qf2 Qxf2+ 33. Kxf2 Rcd8 34. R1c2 Rd3 35. a4 Red8 36. Rxc4 Ra3 37. b5 axb5 38. axb5 Rb3 39. Rc5 Rb8 40. Rc8+ Rxc8 41. Rxc8+ Kh7 42. Rc5 Kg6 43. Ke2 Kf6 44. Kd2 Ke6 45. Kc2 Rb4 46. Kc3 Rb1 47. Kc4 Rc1+ 48. Kb4 Rb1+ 49. Ka5 Ra1+ 50. Kb6 Kd6 51. Rc2 Rb1 52. Rd2+ Ke7 53. Kc6 Rc1+ 54. Kb7 Rb1 55. b6 Rc1 56. Kb8 Rb1 57. b7 Rc1 58. Rd4 Rc2 59. Ka7 Ra2+ 60. Kb6 Rb2+ 61. Kc6 Rc2+ 62. Kb5 Rb2+ 63. Rb4 1-0

[Event "South Wales op 11th"]
[Site "Cardiff"]
[Date "2014.08.27"]
[Round "5"]
[White "Ivekovic, Tihana"]
[Black "Bennett, Rhys"]
[Result "1-0"]
[WhiteElo "2079"]
[BlackElo "1834"]
[PlyCount "85"]
[EventDate "2014.08.25"]
[EventType "swiss"]
[EventRounds "9"]
[EventCountry "WLS"]
[SourceTitle "CBM 162 Extra"]
[Source "ChessBase"]
[SourceDate "2014.10.17"]
[SourceVersion "1"]
[SourceVersionDate "2014.10.17"]
[SourceQuality "1"]

1. d4 d5 2. c4 e6 3. Nc3 Nf6 4. Nf3 Nbd7 5. e3 Be7 6. Qc2 0-0 7. b3 b6 8. cxd5 exd5 9. Bd3 c5 10. 0-0 Bb7 11. Bb2 Rc8 12. Rac1 Bd6 13. Qb1 Qe7 14. Rfd1 Ne4 15. dxc5 Ndxc5 16. Nb5 Bb8 17. Nbd4 f5 18. Ne2 Rce8 19. Bd4 Nxd3 20. Qxd3 g5 21. Ng3 g4 22. Ne1 h5 23. Qe2 Qg5 24. Nxe4 fxe4 25. g3 h4 26. Ng2 hxg3 27. fxg3 Rf3 28. Nf4 Bxf4 29. exf4 Qe7 30. Be5 Rd8 31. Rc7 Rd7 32. Rxd7 Qxd7 33. Rc1 Bc6 34. Qd2 Qb7 35. Qe2 Qd7 36. Qd2 Rd3 37. Qc2 Bb5 38. a4 Ba6 39. Qa2 e3 40. Qc2 Qh7 41. Qc6 Qf7 42. Qh6 Qh7 43. Qe6+ 1-0

[Event "South Wales op 11th"]
[Site "Cardiff"]
[Date "2014.08.27"]
[Round "6"]
[White "Waterfield, John"]
[Black "Bennett, Rhys"]
[Result "1/2-1/2"]
[WhiteElo "1934"]
[BlackElo "1834"]
[PlyCount "100"]
[EventDate "2014.08.25"]
[EventType "swiss"]
[EventRounds "9"]
[EventCountry "WLS"]
[SourceTitle "CBM 162 Extra"]
[Source "ChessBase"]
[SourceDate "2014.10.17"]
[SourceVersion "1"]
[SourceVersionDate "2014.10.17"]
[SourceQuality "1"]

1. e4 e5 2. Nf3 Nc6 3. c3 d5 4. Qa4 f6 5. Bb5 Nge7 6. exd5 Qxd5 7. 0-0 Bd7 8. d4 e4 9. Ne1 Nc8 10. Be3 Nb6 11. c4 Nxa4 12. cxd5 Ne7 13. Bxa4 Bxa4 14. Nc3 Bd7 15. Bf4 0-0-0 16. d6 cxd6 17. Rc1 Nc6 18. Nxe4 d5 19. Nd6+ Bxd6 20. Bxd6 Bg4 21. f3 Rxd6 22. fxg4 h6 23. Nf3 Re8 24. Rfe1 Rde6 25. Kf2 Rxe1 26. Rxe1 Rxe1 27. Kxe1 Nb4 28. Kd2 Nxa2 29. Nh4 Kd7 30. Nf5 g6 31. Nxh6 Ke7 32. h4 Kf8 33. g5 f5 34. g4 f4 35. Ke2 Nb4 36. Kf3 Nd3 37. h5 Kg7 38. hxg6 Kxg6 39. Nf5 Kxg5 40. Ne7 Nxb2 41. Nxd5 a5 42. Nxf4 a4 43. Ne2 a3 44. Nc1 b5 45. d5 b4 46. Ke4 Na4 47. Kd4 Kxg4 48. d6 Nb6 49. Kc5 Nd7+ 50. Kxb4 Kf5 1/2-1/2

[Event "South Wales op 11th"]
[Site "Cardiff"]
[Date "2014.08.26"]
[Round "4"]
[White "Bennett, Rhys"]
[Black "Wadsworth, Matthew J"]
[Result "0-1"]
[WhiteElo "1834"]
[BlackElo "2221"]
[PlyCount "86"]
[EventDate "2014.08.25"]
[EventType "swiss"]
[EventRounds "9"]
[EventCountry "WLS"]
[SourceTitle "CBM 162 Extra"]
[Source "ChessBase"]
[SourceDate "2014.10.17"]
[SourceVersion "1"]
[SourceVersionDate "2014.10.17"]
[SourceQuality "1"]

1. e4 e6 2. d4 d5 3. Nc3 Bb4 4. e5 c5 5. Bd2 Ne7 6. Nb5 Bxd2+ 7. Qxd2 0-0 8. dxc5 Nd7 9. Qc3 f6 10. f4 fxe5 11. fxe5 Nc6 12. Nf3 a6 13. Nd6 d4 14. Qa3 Ndxe5 15. Nxe5 Nxe5 16. 0-0-0 Qg5+ 17. Kb1 Ng4 18. Nxc8 Raxc8 19. Bc4 Rce8 20. Rxd4 Ne3 21. Re1 Nxc4 22. Rxc4 Qxg2 23. Qc3 Qxh2 24. Rg4 Re7 25. b3 Qf2 26. Rxe6 Ref7 27. Rge4 h5 28. Re8 Qf1+ 29. Kb2 Qf6 30. Qxf6 Rxf6 31. R8e7 R8f7 32. a4 g5 33. b4 Rf5 34. Kb3 g4 35. a5 g3 36. R7e6 Rg5 37. Re1 g2 38. Rg1 Rf3+ 39. c3 h4 40. Re7 h3 41. Rxb7 h2 42. Rxg2 Rxg2 43. c6 h1Q 0-1

[Event "South Wales op 11th"]
[Site "Cardiff"]
[Date "2014.08.25"]
[Round "2"]
[White "Fernandez, Michael"]
[Black "Bennett, Rhys"]
[Result "1-0"]
[WhiteElo "2102"]
[BlackElo "1834"]
[PlyCount "41"]
[EventDate "2014.08.25"]
[EventType "swiss"]
[EventRounds "9"]
[EventCountry "WLS"]
[SourceTitle "CBM 162 Extra"]
[Source "ChessBase"]
[SourceDate "2014.10.17"]
[SourceVersion "1"]
[SourceVersionDate "2014.10.17"]
[SourceQuality "1"]

1. e4 e5 2. Nf3 Nc6 3. d4 exd4 4. Nxd4 Nf6 5. Nxc6 bxc6 6. e5 Qe7 7. Qe2 Nd5 8. c4 Ba6 9. b3 0-0-0 10. Bb2 Re8 11. g3 f6 12. Qd2 Nb6 13. Bh3 fxe5 14. a4 Qb4 15. a5 Qxd2+ 16. Nxd2 Na8 17. 0-0-0 Kd8 18. Nf3 Bc8 19. Nxe5 Rxe5 20. Bxe5 Ba3+ 21. Kc2 1-0

[Event "Margate Thanet op"]
[Site "Margate"]
[Date "2014.08.16"]
[Round "2"]
[White "Varain, Ernst Helmuth"]
[Black "Bennett, Rhys"]
[Result "1-0"]
[WhiteElo "2079"]
[BlackElo "1834"]
[PlyCount "97"]
[EventDate "2014.08.15"]
[EventType "swiss"]
[EventRounds "5"]
[EventCountry "ENG"]
[SourceTitle "EXT 2019"]
[Source "ChessBase"]
[SourceDate "2018.10.10"]
[SourceVersion "1"]
[SourceVersionDate "2018.10.10"]
[SourceQuality "1"]

1. e4 e5 2. Nf3 Nc6 3. Bb5 a6 4. Ba4 Nf6 5. 0-0 Be7 6. Re1 b5 7. Bb3 d6 8. c3 0-0 9. d4 Bg4 10. d5 Nb8 11. h3 Bc8 12. Nbd2 Nbd7 13. Nf1 Ne8 14. Ng3 g6 15. a4 Rb8 16. axb5 axb5 17. Bc2 Nb6 18. Bh6 Ng7 19. b3 f5 20. exf5 gxf5 21. Qd2 Qe8 22. Ra7 Bd8 23. Nd4 f4 24. Bxg7 Kxg7 25. Ngf5+ Kh8 26. Nc6 Rb7 27. Rxb7 Bxb7 28. Qd3 Bxc6 29. dxc6 Qg6 30. g4 fxg3 31. fxg3 Re8 32. Qxb5 d5 33. Kg2 e4 34. Ne3 Qf6 35. Nd1 Qf3+ 36. Kh2 e3 37. Qd3 Qh5 38. Rxe3 Rf8 39. Kg2 Bf6 40. Rf3 Qh6 41. Nf2 Qg7 42. Ng4 Be7 43. Rxf8+ Bxf8 44. Qf5 Bd6 45. h4 Qe7 46. Kh3 Qg7 47. h5 Qe7 48. h6 Kg8 49. Nf6+ 1-0

[Event "BCF-ch Week2 PM op"]
[Site "Aberystwyth"]
[Date "2014.07.31"]
[Round "4"]
[White "Bennett, Rhys"]
[Black "Friar, Joseph D"]
[Result "1-0"]
[WhiteElo "1794"]
[BlackElo "1643"]
[PlyCount "93"]
[EventDate "2014.07.28"]
[EventType "swiss"]
[EventRounds "5"]
[EventCountry "WLS"]
[SourceTitle "EXT 2017"]
[Source "ChessBase"]
[SourceDate "2016.10.25"]
[SourceVersion "1"]
[SourceVersionDate "2016.10.25"]
[SourceQuality "1"]

1. e4 Nf6 2. e5 Nd5 3. d4 d6 4. c4 Nb6 5. exd6 cxd6 6. Nc3 g6 7. Be3 Bg7 8. Rc1 0-0 9. Be2 Nc6 10. d5 Nb8 11. Nf3 Bg4 12. b3 N8d7 13. h3 Bxf3 14. Bxf3 Rc8 15. 0-0 f5 16. Ne2 Ne5 17. Nf4 Nxf3+ 18. Qxf3 Qd7 19. Bxb6 axb6 20. Ne6 Rf7 21. Qe3 f4 22. Qxb6 f3 23. g3 Be5 24. Kh2 Rf5 25. a4 g5 26. Rh1 h5 27. Qe3 h4 28. Qe4 Rf6 29. Nxg5 Rf5 30. Qxh4 e6 31. Nxe6 Qf7 32. Qg4+ Kh8 33. Ng5 Qf6 34. Qh5+ Kg7 35. Qh7+ Kf8 36. Ne6+ Ke8 37. Qxb7 Bxg3+ 38. Kg1 Bxf2+ 39. Kf1 Qh6 40. Qxc8+ Kf7 41. Kxf2 Qd2+ 42. Kg3 Qg2+ 43. Kh4 Qf2+ 44. Kg4 Qg2+ 45. Kxf5 Qg6+ 46. Kf4 Qf6+ 47. Kg4 1-0

[Event "BCF-ch Week1 PM op"]
[Site "Aberystwyth"]
[Date "2014.07.23"]
[Round "3"]
[White "Calvert, John C"]
[Black "Bennett, Rhys"]
[Result "0-1"]
[WhiteElo "1555"]
[BlackElo "1794"]
[PlyCount "120"]
[EventDate "2014.07.21"]
[EventType "swiss"]
[EventRounds "5"]
[EventCountry "WLS"]
[SourceTitle "EXT 2017"]
[Source "ChessBase"]
[SourceDate "2016.10.25"]
[SourceVersion "1"]
[SourceVersionDate "2016.10.25"]
[SourceQuality "1"]

1. e4 e5 2. Nf3 Nc6 3. c3 d5 4. Qa4 f6 5. h3 Nge7 6. d3 Be6 7. Be2 Nc8 8. Nbd2 Nb6 9. Qd1 Be7 10. 0-0 a5 11. Re1 0-0 12. Nf1 Nb8 13. Ng3 c5 14. Bd2 d4 15. c4 g6 16. a3 Nc6 17. Rc1 Kh8 18. Ra1 Nd7 19. Qc2 Qc7 20. Reb1 Rg8 21. Kh1 f5 22. Rg1 f4 23. Nf1 g5 24. N3h2 Nf6 25. Ng4 Nxg4 26. Bxg4 Bxg4 27. hxg4 h5 28. Nh2 Qd7 29. f3 Rg7 30. g3 fxg3 31. Rxg3 h4 32. Rg2 Rf8 33. Rf1 Qc7 34. Qc1 Nd8 35. Qe1 Nc6 36. Qc1 b6 37. Qe1 Qd6 38. Kg1 Nd8 39. Kh1 Ne6 40. Qc1 Kg8 41. Rff2 Qc6 42. Qd1 b5 43. Qc2 Rb8 44. Bc1 b4 45. Re2 a4 46. Qd1 Bd8 47. Rgf2 Rgb7 48. Nf1 Ba5 49. Nh2 bxa3 50. bxa3 Bc3 51. Ra2 Rb1 52. Nf1 Nf4 53. Qc2 Nxd3 54. Qxd3 Rxc1 55. Kg2 Rbb1 56. Kh3 Qb6 57. Kg2 Qb3 58. Nd2 Rg1+ 59. Kh3 Qxa2 60. Nxb1 Rg3+ 0-1

[Event "BCF-ch Week1 PM op"]
[Site "Aberystwyth"]
[Date "2014.07.22"]
[Round "2"]
[White "Bennett, Rhys"]
[Black "Shaw, Meyrick"]
[Result "0-1"]
[WhiteElo "1794"]
[BlackElo "1948"]
[PlyCount "64"]
[EventDate "2014.07.21"]
[EventType "swiss"]
[EventRounds "5"]
[EventCountry "WLS"]
[SourceTitle "EXT 2017"]
[Source "ChessBase"]
[SourceDate "2016.10.25"]
[SourceVersion "1"]
[SourceVersionDate "2016.10.25"]
[SourceQuality "1"]

1. e4 e5 2. Nf3 Nc6 3. d4 exd4 4. Nxd4 Qf6 5. Nb3 d6 6. Nc3 Be6 7. Be3 a6 8. f4 Qe7 9. Qd2 Nf6 10. Bd3 Ng4 11. Bg1 g6 12. 0-0-0 Bg7 13. h3 Nf6 14. Re1 0-0-0 15. Nd5 Qd7 16. c4 Nh5 17. Be3 Ng3 18. Rhg1 f5 19. Bf2 Nxe4 20. Bxe4 fxe4 21. Nd4 Rde8 22. b3 Nxd4 23. Bxd4 Bxd5 24. cxd5 Rhf8 25. Rgf1 Rf5 26. Qb2 Bh6 27. Qc2 Rxf4 28. Rxf4 Bxf4+ 29. Kb1 Qb5 30. Rxe4 Qf1+ 31. Kb2 Rxe4 32. Qxe4 Qc1# 0-1

[Event "Sunningdale e2e4 U2050 op 05"]
[Site "Sunningdale"]
[Date "2014.05.26"]
[Round "6"]
[White "Jacob, Sydney J"]
[Black "Bennett, Rhys"]
[Result "1-0"]
[WhiteElo "1925"]
[BlackElo "1803"]
[PlyCount "97"]
[EventDate "2014.05.23"]
[EventType "swiss"]
[EventRounds "7"]
[EventCountry "ENG"]
[SourceTitle "EXT 2015"]
[Source "ChessBase"]
[SourceDate "2014.11.20"]
[SourceVersion "1"]
[SourceVersionDate "2014.11.20"]
[SourceQuality "1"]

1. d4 d5 2. c4 e6 3. Nf3 Nf6 4. g3 Be7 5. Bg2 0-0 6. Nc3 dxc4 7. 0-0 a6 8. Ne5 Nc6 9. Nxc6 bxc6 10. Qa4 Qxd4 11. Be3 Qg4 12. Qxc6 Bd7 13. Qxc7 Rfc8 14. Qf4 Rcb8 15. Rab1 Qxf4 16. Bxf4 Rb6 17. Rfd1 Bc6 18. Bd6 Bxg2 19. Bxe7 Bh3 20. f3 Bf5 21. e4 Bg6 22. Kf2 Ne8 23. Rd2 Rb7 24. Ba3 f6 25. Rbd1 Bf7 26. e5 f5 27. Rd8 Rc7 28. Na4 h6 29. R1d4 Rxd8 30. Rxd8 Kh7 31. Nc5 Rc6 32. Rd4 c3 33. bxc3 Nc7 34. Rd6 Be8 35. c4 Kg6 36. Ke3 Kf7 37. Kd3 Na8 38. Nxa6 Nb6 39. Rxc6 Bxc6 40. f4 g6 41. Nb8 Bb7 42. c5 Nd5 43. c6 Bc8 44. Bc5 Ke8 45. a4 Kd8 46. Bd6 Nc7 47. Kc4 Ba6+ 48. Nxa6 Nxa6 49. Kb5 1-0

[Event "WLS-ch 60th"]
[Site "Cardiff"]
[Date "2014.04.21"]
[Round "7"]
[White "Bennett, Rhys"]
[Black "Smith, Olivia"]
[Result "1/2-1/2"]
[WhiteElo "1783"]
[BlackElo "1976"]
[PlyCount "101"]
[EventDate "2014.04.18"]
[EventType "swiss"]
[EventRounds "7"]
[EventCountry "WLS"]
[SourceTitle "CBM 160 Extra"]
[Source "ChessBase"]
[SourceDate "2014.07.01"]
[SourceVersion "1"]
[SourceVersionDate "2014.07.01"]
[SourceQuality "1"]

1. e4 e5 2. Nf3 Nf6 3. Nxe5 d6 4. Nf3 Nxe4 5. Nc3 Nxc3 6. dxc3 Be7 7. Be3 Nc6 8. Qd2 Be6 9. 0-0-0 Qd7 10. Kb1 a6 11. Bd3 Ne5 12. Be2 Qa4 13. b3 Qa5 14. h3 0-0-0 15. Nd4 Bd7 16. f4 Ng6 17. g3 Bf6 18. Bf3 Ne7 19. g4 h6 20. Ne2 Bc6 21. Bxc6 Nxc6 22. Qd3 Rhe8 23. Nd4 Ne7 24. Bd2 Kb8 25. c4 Qb6 26. Bc3 d5 27. Rhe1 c5 28. Nf3 d4 29. Bd2 Nc6 30. Rxe8 Rxe8 31. Re1 Rxe1+ 32. Nxe1 Nb4 33. Bxb4 Qxb4 34. Qe2 Qa5 35. Qe8+ Ka7 36. Nd3 Qc7 37. Qf8 b6 38. Qe8 Qe7 39. Qxe7+ Bxe7 40. a4 Kb7 41. Kc1 Kc7 42. Kd2 b5 43. axb5 axb5 44. Ke2 bxc4 45. bxc4 Kd6 46. f5 g6 47. Kf3 g5 48. Ke4 f6 49. Nc1 Kc6 50. Ne2 Bd6 51. Nc1 1/2-1/2

[Event "WLS-ch 60th"]
[Site "Cardiff"]
[Date "2014.04.20"]
[Round "5"]
[White "Bennett, Rhys"]
[Black "Thorpe, Thomas"]
[Result "1-0"]
[WhiteElo "1783"]
[BlackElo "1894"]
[PlyCount "77"]
[EventDate "2014.04.18"]
[EventType "swiss"]
[EventRounds "7"]
[EventCountry "WLS"]
[SourceTitle "CBM 160 Extra"]
[Source "ChessBase"]
[SourceDate "2014.07.01"]
[SourceVersion "1"]
[SourceVersionDate "2014.07.01"]
[SourceQuality "1"]

1. e4 c5 2. Nf3 Nc6 3. d4 cxd4 4. Nxd4 e5 5. Nb5 d6 6. N1c3 a6 7. Na3 b5 8. Nd5 Nge7 9. Bg5 f6 10. Be3 Rb8 11. c3 f5 12. Bg5 Be6 13. Nc2 Qd7 14. Ncb4 Nxb4 15. Nxb4 a5 16. Bxe7 Bxe7 17. Nd5 fxe4 18. Qd2 0-0 19. Be2 Bh4 20. 0-0 Qf7 21. Ne3 Bxf2+ 22. Kh1 Bxe3 23. Qxe3 Qb7 24. Rfd1 d5 25. Rf1 b4 26. Qg3 Qc7 27. Bg4 Bxg4 28. Qxg4 Qd6 29. Qe2 bxc3 30. bxc3 Qc6 31. Qd2 Qc4 32. Rfd1 Rbd8 33. h3 Rd6 34. Rab1 Rc8 35. Rdc1 Rf6 36. Rd1 Rd8 37. Rb7 Rf1+ 38. Kh2 Rf6 39. Qg5 1-0

[Event "WLS-ch 60th"]
[Site "Cardiff"]
[Date "2014.04.18"]
[Round "1"]
[White "Pleasants, Allan J"]
[Black "Bennett, Rhys"]
[Result "1-0"]
[WhiteElo "2045"]
[BlackElo "1783"]
[PlyCount "65"]
[EventDate "2014.04.18"]
[EventType "swiss"]
[EventRounds "7"]
[EventCountry "WLS"]
[SourceTitle "CBM 160 Extra"]
[Source "ChessBase"]
[SourceDate "2014.07.01"]
[SourceVersion "1"]
[SourceVersionDate "2014.07.01"]
[SourceQuality "1"]

1. Nf3 d5 2. c4 e6 3. g3 Nf6 4. Bg2 Be7 5. 0-0 0-0 6. d4 dxc4 7. Qc2 a6 8. a4 Nbd7 9. Nbd2 Rb8 10. Nxc4 b5 11. Na5 Rb6 12. axb5 axb5 13. Nc6 Qe8 14. Ra8 Nd5 15. e4 Nb4 16. Nxb4 Bxb4 17. Qxc7 Bd6 18. Qc2 Bb8 19. Be3 Bb7 20. Raa1 Rc6 21. Qb3 Qe7 22. Bg5 f6 23. Bd2 Rfc8 24. Bb4 Bd6 25. d5 Rc4 26. Bxd6 Qxd6 27. dxe6 Qxe6 28. Nd4 Qf7 29. Nf5 R4c6 30. Ne7+ Kf8 31. Qxf7+ Kxf7 32. Nxc8 Bxc8 33. Rfc1 1-0

[Event "West Bromwich e2e4 op"]
[Site "West Bromwich"]
[Date "2014.02.22"]
[Round "3"]
[White "Bennett, Rhys"]
[Black "Gostelow, David W"]
[Result "1/2-1/2"]
[WhiteElo "1768"]
[BlackElo "2059"]
[PlyCount "45"]
[EventDate "2014.02.21"]
[EventType "swiss"]
[EventRounds "5"]
[EventCountry "ENG"]
[SourceTitle "CBM 159 Extra"]
[Source "ChessBase"]
[SourceDate "2014.04.24"]
[SourceVersion "1"]
[SourceVersionDate "2014.04.24"]
[SourceQuality "1"]

1. e4 c5 2. Nf3 Nc6 3. d4 cxd4 4. Nxd4 e5 5. Nb5 a6 6. Nd6+ Bxd6 7. Qxd6 Qf6 8. Qd1 Qg6 9. Nc3 d5 10. Nxd5 Qxe4+ 11. Be3 Nd4 12. Nc7+ Ke7 13. Nxa8 Nxc2+ 14. Kd2 Nxe3 15. fxe3 Nf6 16. Qb3 Rd8+ 17. Ke2 Bg4+ 18. Kf2 Qf5+ 19. Kg1 Ne4 20. h3 Qf2+ 21. Kh2 Qg3+ 22. Kg1 Qf2+ 23. Kh2 1/2-1/2

[Event "Wch U14"]
[Site "Al Ain"]
[Date "2013.12.18"]
[Round "1"]
[White "Atabayev, Saparmyrat"]
[Black "Bennett, Rhys"]
[Result "1-0"]
[WhiteElo "2203"]
[BlackElo "1784"]
[PlyCount "75"]
[EventDate "2013.12.18"]
[EventType "swiss"]
[EventRounds "11"]
[EventCountry "UAE"]
[SourceTitle "CBM 158 Extra"]
[Source "ChessBase"]
[SourceDate "2014.02.28"]
[SourceVersion "1"]
[SourceVersionDate "2014.02.28"]
[SourceQuality "1"]

1. e4 e5 2. Nf3 Nc6 3. Bb5 a6 4. Ba4 Nf6 5. 0-0 Be7 6. Re1 b5 7. Bb3 d6 8. c3 0-0 9. h3 Na5 10. Bc2 c5 11. d4 Qc7 12. d5 Ne8 13. Nbd2 g6 14. Nf1 Bd7 15. N3h2 Nc4 16. b3 Nb6 17. g4 Ng7 18. Ng3 Bh4 19. Bh6 Bxg3 20. fxg3 Qc8 21. Rf1 f6 22. Qd2 Rf7 23. Rf3 Qd8 24. Raf1 Ne8 25. Kg2 Nc8 26. g5 Kh8 27. gxf6 Nb6 28. g4 Bc8 29. Be3 Nc7 30. h4 Nd7 31. g5 Nf8 32. Rg3 Kg8 33. Bd1 Bd7 34. Ng4 Bxg4 35. Bxg4 Qe8 36. h5 Rd8 37. Rh3 Rb8 38. Rfh1 1-0

[Event "EU-ch U14 23rd"]
[Site "Budva"]
[Date "2013.10.08"]
[Round "9"]
[White "Bennett, Rhys"]
[Black "Negulescu, Alexandru"]
[Result "1/2-1/2"]
[WhiteElo "1789"]
[BlackElo "1660"]
[PlyCount "90"]
[EventDate "2013.09.29"]
[EventType "swiss"]
[EventRounds "9"]
[EventCountry "MNE"]
[SourceTitle "EXT 2014"]
[Source "ChessBase"]
[SourceDate "2013.11.20"]
[SourceVersion "1"]
[SourceVersionDate "2013.11.20"]
[SourceQuality "1"]

1. e4 e6 2. d4 d5 3. Nc3 Bb4 4. e5 c5 5. Bd2 a6 6. f4 cxd4 7. Nce2 Bc5 8. b4 Bb6 9. Nf3 Nc6 10. Nc1 Nh6 11. Bd3 Ng4 12. Qe2 Qe7 13. a3 h6 14. Nb3 Ne3 15. Nbxd4 Nxd4 16. Nxd4 Bxd4 17. c3 Bxe5 18. fxe5 Nc4 19. Bxc4 Qh4+ 20. g3 Qxc4 21. Qxc4 dxc4 22. 0-0 0-0 23. Rf4 Rd8 24. Be3 b5 25. Raf1 Rd7 26. Bd4 Bb7 27. Kf2 a5 28. Ke3 axb4 29. axb4 Ra2 30. R1f2 Ra8 31. Rd2 Ra1 32. Ke2 Bc6 33. Rf1 Ra6 34. Rdd1 Rd8 35. Ra1 Rda8 36. Rxa6 Rxa6 37. Rd1 Bd5 38. Rd2 Kf8 39. Ke3 Ke7 40. Bc5+ Kd7 41. Bf8 g6 42. Bxh6 Ra1 43. Bf4 Kc6 44. h4 Re1+ 45. Kf2 Ra1 1/2-1/2

[Event "EU-ch U14 23rd"]
[Site "Budva"]
[Date "2013.10.07"]
[Round "8"]
[White "Demidov, Jan"]
[Black "Bennett, Rhys"]
[Result "1-0"]
[WhiteElo "1921"]
[BlackElo "1789"]
[PlyCount "69"]
[EventDate "2013.09.29"]
[EventType "swiss"]
[EventRounds "9"]
[EventCountry "MNE"]
[SourceTitle "EXT 2014"]
[Source "ChessBase"]
[SourceDate "2013.11.20"]
[SourceVersion "1"]
[SourceVersionDate "2013.11.20"]
[SourceQuality "1"]

1. d4 d5 2. Nf3 Nf6 3. g3 c6 4. Bg2 Bf5 5. 0-0 e6 6. c4 Nbd7 7. b3 Be7 8. Bb2 0-0 9. Nc3 Ne4 10. Nd2 Nxd2 11. Qxd2 dxc4 12. e4 Bg4 13. f3 Bh5 14. bxc4 Nb6 15. Qd3 e5 16. d5 Qd6 17. Nd1 f6 18. Ne3 Bg6 19. a4 a5 20. c5 Qxc5 21. Rfc1 Qd6 22. Ba3 Qd7 23. Bxe7 Qxe7 24. dxc6 Bf7 25. Rab1 Nxa4 26. Rxb7 Nc5 27. Qa3 Qxb7 28. cxb7 Nxb7 29. Rc7 Nd8 30. Bh3 Ne6 31. Bxe6 Bxe6 32. Qe7 Bf7 33. Nf5 a4 34. Nd6 a3 35. Nxf7 1-0

[Event "EU-ch U14 23rd"]
[Site "Budva"]
[Date "2013.10.05"]
[Round "6"]
[White "Abishli, Oghuz Vagif"]
[Black "Bennett, Rhys"]
[Result "1-0"]
[WhiteElo "1922"]
[BlackElo "1789"]
[PlyCount "99"]
[EventDate "2013.09.29"]
[EventType "swiss"]
[EventRounds "9"]
[EventCountry "MNE"]
[SourceTitle "EXT 2014"]
[Source "ChessBase"]
[SourceDate "2013.11.20"]
[SourceVersion "1"]
[SourceVersionDate "2013.11.20"]
[SourceQuality "1"]

1. d4 d5 2. Nf3 Nf6 3. c4 e6 4. Nc3 Nbd7 5. Bf4 dxc4 6. e3 Nd5 7. Bxc4 Nxf4 8. exf4 Bd6 9. g3 a6 10. a4 b6 11. 0-0 0-0 12. Re1 c6 13. Qb3 Nf6 14. Ne5 Qc7 15. Rad1 Bb7 16. f5 Bxe5 17. dxe5 Nd7 18. fxe6 Nxe5 19. exf7+ Kh8 20. Re3 Nxc4 21. Qxc4 Qxf7 22. Qxf7 Rxf7 23. Rde1 h6 24. f4 c5 25. Re6 b5 26. axb5 axb5 27. Nxb5 Bd5 28. R6e5 Rd7 29. Nc3 Bb7 30. Rxc5 Rd2 31. Re2 Ra1+ 32. Kf2 Rd3 33. Re3 Rd2+ 34. Re2 Rd3 35. Re1 Rd2+ 36. Ke3 Rxe1+ 37. Kxd2 Rh1 38. h4 Rh2+ 39. Ne2 Ba6 40. Re5 Rg2 41. b4 Bxe2 42. Rxe2 Rxg3 43. Re3 Rg4 44. Rf3 Rxh4 45. b5 Rh1 46. Rb3 Rh2+ 47. Kd3 Rh1 48. b6 Rd1+ 49. Kc4 Rc1+ 50. Kb4 1-0